Bulgaria True or False - Statistics

General Stats
  • This quiz has been taken 108 times
  • The average score is 13 of 15
Answer Stats
Question Answer % Correct
Bulgaria borders the Aegean Sea. False
93%
Bulgaria is the birthplace of the famous philosopher and writer, George Orwell. False
93%
Bulgaria is the largest rose oil producer in the world. True
93%
The largest ethnic minority in Bulgaria is Romanian. False
89%
Bulgaria is part of the European Union, but not a member of NATO. False
89%
Bulgaria has a population of over 10 million people. False
89%
Bulgaria has one of the oldest known gold treasures in the world. True
89%
The Cyrillic alphabet, used by 250 million people, was created in Bulgaria. True
89%
Bulgaria has hosted the Summer Olympics twice. False
86%
Bulgaria's national animal is the bear. False
86%
Bulgaria is the oldest European country that has not changed its name since it was first established. True
79%
Bulgaria was the first country to adopt the title "Tsar". True
79%
Bulgaria won the Second Balkan War in 1913. False
75%
Bulgaria was part of the USSR. False
75%
The capital of the Second Bulgarian Empire was Veliko Tarnovo. True
71%
No matching quizzes found
Score Distribution
Percent of People with Each Score
Percentile by Number Answered
Your Score History
You have not taken this quiz